ARRUPE JESUIT UNIVERSITY

CORONAVIRUS -STOP THE SPREAD - CLEAN,DISINFECT,COVER

In the service of nine popes = Nove papi, una mission (Record no. 7462)

MARC details
000 -LEADER
fixed length control field 00660nam a2200229Ia 4500
003 - CONTROL NUMBER IDENTIFIER
control field 0100
005 - DATE AND TIME OF LATEST TRANSACTION
control field 20141004020004.0
008 - FIXED-LENGTH DATA ELEMENTS--GENERAL INFORMATION
fixed length control field 130303s9999 xx 000 0 und d
020 ## - INTERNATIONAL STANDARD BOOK NUMBER
International Standard Book Number 8877610468
040 ## - CATALOGING SOURCE
Transcribing agency ARRUPELIB
050 ## - LIBRARY OF CONGRESS CALL NUMBER
Classification number QB82.V32V385131991
300 ## - PHYSICAL DESCRIPTION
Other physical details 24cm.
100 ## - MAIN ENTRY--PERSONAL NAME
Personal name Maffeo, Sabino
9 (RLIN) 8204
245 ## - TITLE STATEMENT
Title In the service of nine popes = Nove papi, una mission
245 ## - TITLE STATEMENT
Remainder of title 100 years of the Vatican Obervatory
260 ## - PUBLICATION, DISTRIBUTION, ETC. (IMPRINT)
Place of publication, distribution, etc Vatican City, Pontificia Academia Scientiarum
260 ## - PUBLICATION, DISTRIBUTION, ETC. (IMPRINT)
Name of publisher, distributor, etc Specola vaticana
300 ## - PHYSICAL DESCRIPTION
Extent 241p.
650 ## - SUBJECT ADDED ENTRY--TOPICAL TERM
Topical term or geographic name as entry element Specola vaticana--History
9 (RLIN) 8205
700 ## - ADDED ENTRY--PERSONAL NAME
Personal name Sabino Maffeo
9 (RLIN) 8206
942 ## - ADDED ENTRY ELEMENTS (KOHA)
Source of classification or shelving scheme Library of Congress Classification
Koha item type Monograph ( Printed materials)
Koha issues (borrowed), all copies 3
Holdings
Withdrawn status Lost status Source of classification or shelving scheme Damaged status Not for loan Collection code Home library Current library Shelving location Date acquired Total Checkouts Full call number Barcode Date last seen Date checked out Copy number Price effective from Koha item type
    Library of Congress Classification     Main Collection ARRUPE LIBRARY ARRUPE LIBRARY   04/03/2013 3 QB82.V32V385131991 46003067442 02/07/2019 03/10/2014 1 04/03/2013 Monograph ( Printed materials)

 

Arrupe Library. PO Box MP320 Mt Pleasant, Harare, Zimbabwe
263 242 745411|librarian@aju.ac.zw